Transnational management : (Record no. 2966)
[ view plain ]
| 000 -LEADER | |
|---|---|
| fixed length control field | 00874cam a2200229 a 4500 |
| 020 ## - INTERNATIONAL STANDARD BOOK NUMBER | |
| ISBN | 9780073101729 (alk. paper) |
| 020 ## - INTERNATIONAL STANDARD BOOK NUMBER | |
| ISBN | 0073101729 (alk. paper) |
| 020 ## - INTERNATIONAL STANDARD BOOK NUMBER | |
| ISBN | 9780071259156 (pbk.) |
| 020 ## - INTERNATIONAL STANDARD BOOK NUMBER | |
| ISBN | 0071259155 (pbk.) |
| 050 00 - CALL NUMBER | |
| Classification number | HD62.4 |
| Item number | .B365 2008 |
| 100 1# - AUTHOR | |
| Personal name | Bartlett, Christopher A., |
| 245 10 - TITLE | |
| Title | Transnational management : |
| Remainder of title | text, cases, and readings in cross-border management / |
| Statement of responsibility, etc | Christopher A. Bartlett, Sumantra Ghoshal, Paul W. Beamish. |
| 250 ## - EDITION | |
| Edition statement | 5th ed. |
| 260 ## - PUBLICATION INFORMATION | |
| Place of publication | Boston : |
| Name of publisher | McGraw-Hill/Irwin, |
| Year of publication | ©2008. |
| 300 ## - DESCRIPTION | |
| Number of Pages | xv, 822 pages : |
| Other physical details | illustrations, maps ; |
| Dimensions | 24 cm. |
| 500 ## - NOTES | |
| General note | Includes index |
| 505 1# - FORMATTED CONTENTS NOTE | |
| Table of Content | The strategic imperatives -- The organizational challenge -- The managerial implications. |
| 650 #0 - SUBJECTS | |
| Topical Term | International business enterprises |
| General subdivision | Management. |
| 700 1# - OTHER AUTHORS | |
| Personal name | Ghoshal, Sumantra. |
| 700 1# - OTHER AUTHORS | |
| Personal name | Beamish, Paul W., |
| 942 ## - ADDED ENTRY ELEMENTS (KOHA) | |
| Koha item type | Books |
| Withdrawn status | Lost status | Collection code | Home library | Current library | Shelving location | Date acquired | Full call number | Accession Number | Koha item type |
|---|---|---|---|---|---|---|---|---|---|
| Reference | Methodist University Library Main | Methodist University Library Main | General Stacks | 28/08/2011 | HD62.4 .B365 2008 | 32446 | Books |